The electricity council: reports and council, 1960-61 (Record no. 503663)

000 -LEADER
fixed length control field 00398cam a22001097a 4500
008 - FIXED-LENGTH DATA ELEMENTS--GENERAL INFORMATION
fixed length control field 180718b1961 xxu||||| |||| 00| 0 eng d
082 ## - DEWEY DECIMAL CLASSIFICATION NUMBER
Classification number A45:V5x42 1960-61
100 ## - MAIN ENTRY--PERSONAL NAME
Personal name United Kingdom. Her Majesty's Stationery Office
245 ## - TITLE STATEMENT
Title The electricity council: reports and council, 1960-61
Statement of responsibility, etc. by Her Majesty's Stationery Office
260 ## - PUBLICATION, DISTRIBUTION, ETC.
Place of publication, distribution, etc. London
Name of publisher, distributor, etc. Her Majesty's Stationery Office
Date of publication, distribution, etc. 1961
300 ## - PHYSICAL DESCRIPTION
Extent 153+p.
Holdings
Withdrawn status Lost status Damaged status Not for loan Permanent Location Current Location Date acquired Full call number Barcode Date last seen Price effective from Koha item type
        Indian Institute of Public Administration Indian Institute of Public Administration 2018-08-04 A45:V5x42 1960-61 GG33608 2018-08-04 2018-08-04 GG
        Indian Institute of Public Administration Indian Institute of Public Administration 2018-08-04 A45:V5x42 1960-61 GG33010 2018-08-04 2018-08-04 GG
        Indian Institute of Public Administration Indian Institute of Public Administration 2018-08-04 A45:V5x42 1960-61 GG32507 2018-08-04 2018-08-04 GG

Powered by Koha